00594nam a2200229Ia 4500008004100000020001800041050001700059050001400076100002200090245004700112245002100159250001600180260001600196260003400212260000900246300001600255300002000271300001100291500002000302650002200322650002000344180523s9999 xx 000 0 und d a981-247-130-8 aMAIN QP 34.5 b.M37 2004 aMarieb, Elaine N. 0aEssentials of human anatomy & physiology / 0cElaine N. Marieb a7th Edition aSingapore : bPearson Education South Asia, c2004 a587 pages : billustrations ; c26 cm. aIncludes index. aHuman physiology. xHuman anatamoy.